00815nam a22002177a 4500999001900000005001700019010001500036020002700051035001400078037001300092082001200105100002200117245005700139260003500196270011200231300002000343500005000363700002100413942002600434952013700460 c169539d16953920191122142941.0 aENG-126988 c1150.00a9789388881210 aEN-110520 bDBAD/PUB a370.954 aAgarwalla, Sunita aEmerging issues and education /cby Sunita Agarwalla aGuwahatic2020bEBH publishers bGuwahatia136, M.L. Nehru Road, Panbazar Guwahati, Assame781001k913612513876measternbookshouse@gmail.com a226p.c24cm(Hb) aIncludes bibliographical references and index aSen, Nabinananda 2ddccENh370.954mAGA 001040708NFICaLbLd2019-11-22eDBAD/PUBg1150.00l2m1o370.954 AGApEN-110520r2024-08-05 00:00:00s2024-07-22t1v1150.00yEN